Numerical heat transfer and fluid flow /

שמור ב:
מידע ביבליוגרפי
מחבר ראשי: Patankar, Suhas V., 1941-
פורמט: ספר
שפה:English
יצא לאור: Washington ; New York : Hemisphere ; McGraw-Hill, 1980.
נושאים:
תגים: הוספת תג
אין תגיות, היה/י הראשונ/ה לתייג את הרשומה!
Thư viện lưu trữ: Mạng thư viện Đại học Đà Nẵng
LEADER 00930cam a2200349 i 4500
001 000045939
003 5159
005 20030318162446.0
008 010220|1980 vm 000 eng
020 |a 0891165223 
040 |a IRC  |c IRC  |d IRC 
041 0 |a eng 
082 1 4 |a 536.2  |b PA-S 
100 1 |a Patankar, Suhas V.,  |d 1941- 
245 0 0 |a Numerical heat transfer and fluid flow /  |c Suhas V. Patankar. 
260 |a Washington ; New York :  |b Hemisphere ; McGraw-Hill,  |c 1980. 
300 |a xiii, 197p. :  |b ill. 
630 0 4 |a Heat. 
630 0 4 |a Fluid dynamics. 
650 0 4 |a Heat  |x Transmission. 
650 0 4 |a Fluid dynamics. 
650 0 4 |a Difference equations  |x Numerical solutions. 
OWN |a DUT 
999 |a From the UDN01 
TYP |a Monograph 
TYP |a Printed language 
980 |a Mạng thư viện Đại học Đà Nẵng